000 00435nam a22001697a 4500
003 UA-OsUOA
001 4161
007 ta
008 20050721b un ||||| |||| 00| 0 ukr d
100 _aБлувштейн
700 _aВ. О.
942 _cBK
040 _aUA-OsUOA
_cUA-OsUOA
_dUA-OsUOA
245 _aСловарь сокращений англ, нем, голл., и скан., яз..
_bDictionary
955 _a2
650 7 _2UDC
999 _c290323
_d290323